ESSENTIALS IN COMMUNITY HEALTH NURSING PRACTCE (Record no. 2062)
[ view plain ]
| 000 -LEADER | |
|---|---|
| fixed length control field | 00365nam a2200145Ia 4500 |
| 008 - FIXED-LENGTH DATA ELEMENTS--GENERAL INFORMATION | |
| fixed length control field | 150201s2012 xx 000 0 und d |
| 082 ## - DEWEY DECIMAL CLASSIFICATION NUMBER | |
| Classification number | 610.734 |
| Item number | E12K |
| 100 ## - MAIN ENTRY--PERSONAL NAME | |
| Personal name | KAMALAM , S |
| 245 ## - TITLE STATEMENT | |
| Title | ESSENTIALS IN COMMUNITY HEALTH NURSING PRACTCE |
| 250 ## - EDITION STATEMENT | |
| Edition statement | 2ND |
| 260 ## - PUBLICATION, DISTRIBUTION, ETC. (IMPRINT) | |
| Name of publisher, distributor, etc. | JAYPEE |
| Place of publication, distribution, etc. | DELHI |
| Date of publication, distribution, etc. | 2012 |
| 300 ## - PHYSICAL DESCRIPTION | |
| Extent | 736 |
| 650 ## - SUBJECT ADDED ENTRY--TOPICAL TERM | |
| Topical term or geographic name as entry element | COMMUNITy NURSING |
| 942 ## - ADDED ENTRY ELEMENTS (KOHA) | |
| Source of classification or shelving scheme | Dewey Decimal Classification |
| Koha item type | Books |
| Koha issues (borrowed), all copies | 55 |
| Withdrawn status | Lost status | Source of classification or shelving scheme | Damaged status | Not for loan | Collection code | Home library | Current library | Shelving location | Date acquired | Source of acquisition | Cost, normal purchase price | SGTU | Bill Number | Total Checkouts | Full call number | Barcode | Date last seen | Date last checked out | Bill Date | Koha item type |
|---|---|---|---|---|---|---|---|---|---|---|---|---|---|---|---|---|---|---|---|---|
| Dewey Decimal Classification | NURSING | SGT Medical Library | SGT Medical Library | Text Book | 28/01/2013 | NBM DELHI | 575.00 | SGTU | 1345 | 23 | 610.734 E12K | FN691 | 29/01/2025 | 29/01/2025 | 28/01/2013 | Books | ||||
| Dewey Decimal Classification | NURSING | SGT Medical Library | SGT Medical Library | Text Book | 28/01/2013 | NBM DELHI | 575.00 | SGTU | 1345 | 8 | 610.734 E12K | FN692 | 21/01/2025 | 17/01/2025 | 28/01/2013 | Books | ||||
| Dewey Decimal Classification | NURSING | SGT Medical Library | SGT Medical Library | Text Book | 28/01/2013 | NBM DELHI | 575.00 | SGTU | 1345 | 22 | 610.734 E12K | FN693 | 23/01/2025 | 07/01/2025 | 28/01/2013 | Books | ||||
| Dewey Decimal Classification | NURSING | SGT Medical Library | SGT Medical Library | Text Book | 28/01/2013 | NBM DELHI | 575.00 | SGTU | 1345 | 11 | 610.734 E12K | FN694 | 28/01/2025 | 14/01/2025 | 28/01/2013 | Books | ||||
| Dewey Decimal Classification | NURSING | SGT Medical Library | SGT Medical Library | Text Book | 28/01/2013 | NBM DELHI | 575.00 | SGTU | 1345 | 12 | 610.734 E12K | FN695 | 25/08/2025 | 07/08/2025 | 28/01/2013 | Books |